[Event "Tromsoe NNM Class1"]
[Site "Tromsoe"]
[Date "2017.06.04"]
[Round "4"]
[White "Schmidt, Kristian H"]
[Black "Lund, Gunnar"]
[Result "0-1"]
[WhiteElo "1530"]
[BlackElo "1914"]
[PlyCount "58"]
[EventDate "2017.06.02"]
[EventType "swiss"]
[EventRounds "6"]
[EventCountry "NOR"]
[SourceTitle "EXT 2024"]
[Source "ChessBase"]
[SourceDate "2023.10.10"]
[SourceVersion "1"]
[SourceVersionDate "2023.10.10"]
[SourceQuality "1"]

1. b4 e5 2. Bb2 Bxb4 3. Bxe5 Nf6 4. Nf3 0-0 5. a3 Be7 6. e3 d5 7. c4 Nc6 8. Bb2 Bg4 9. cxd5 Nxd5 10. Be2 Bf6 11. d4 Nce7 12. Nbd2 Rc8 13. Ne4 c5 14. Nxf6+ Nxf6 15. 0-0 c4 16. a4 Ne4 17. Qc2 c3 18. Ba3 Bxf3 19. Bxf3 Nd2 20. Bxb7 Rc7 21. Ba6 Nxf1 22. Rxf1 Qd5 23. Bc5 Rxc5 24. dxc5 Qxc5 25. Rc1 Nd5 26. Bd3 g6 27. e4 Nf4 28. Qxc3 Qg5 29. g3 Nxd3 0-1

[Event "Politiken Cup 35th"]
[Site "Helsingor"]
[Date "2013.08.02"]
[Round "8"]
[White "Danielsen, Henrik"]
[Black "Schmidt, Kristian H"]
[Result "1-0"]
[WhiteElo "2510"]
[BlackElo "2272"]
[PlyCount "39"]
[EventDate "2013.07.27"]
[EventType "swiss"]
[EventRounds "10"]
[EventCountry "DEN"]
[SourceTitle "CBM 155 Extra"]
[Source "ChessBase"]
[SourceDate "2013.08.26"]
[SourceVersion "1"]
[SourceVersionDate "2013.08.26"]
[SourceQuality "1"]

1. e4 c5 2. Nc3 Nc6 3. f4 d6 4. Nf3 g6 5. Bb5 Bd7 6. 0-0 Bg7 7. d3 Rc8 8. Bxc6 Rxc6 9. Qe1 Bg4 10. f5 Bxf3 11. Rxf3 c4 12. Be3 cxd3 13. cxd3 Nf6 14. Qh4 Nd7 15. d4 Rc4 16. Rd1 Nf6 17. Bf2 h6 18. fxg6 fxg6 19. Qg3 g5 20. e5 1-0

[Event "Politiken Cup 35th"]
[Site "Helsingor"]
[Date "2013.07.31"]
[Round "6"]
[White "Kristiansen, Jens"]
[Black "Schmidt, Kristian H"]
[Result "1-0"]
[WhiteElo "2396"]
[BlackElo "2272"]
[PlyCount "77"]
[EventDate "2013.07.27"]
[EventType "swiss"]
[EventRounds "10"]
[EventCountry "DEN"]
[SourceTitle "CBM 155 Extra"]
[Source "ChessBase"]
[SourceDate "2013.08.26"]
[SourceVersion "1"]
[SourceVersionDate "2013.08.26"]
[SourceQuality "1"]

1. d4 Nf6 2. Nf3 g6 3. c4 Bg7 4. Nc3 0-0 5. e4 d6 6. Be2 e5 7. d5 a5 8. h3 Na6 9. Bg5 h6 10. Be3 Nc5 11. Nd2 Bd7 12. g4 Ne8 13. Nb3 b6 14. h4 a4 15. Nxc5 dxc5 16. Qd2 Kh7 17. h5 g5 18. 0-0 Bf6 19. f3 Be7 20. Rfb1 Nd6 21. Nd1 Qb8 22. Nf2 f6 23. Qc2 Ra6 24. Nd3 Qa7 25. Kg2 Ra8 26. f4 gxf4 27. Nxf4 Rg8 28. Ng6 Bd8 29. Kh2 Qb8 30. Rf1 Qc8 31. g5 hxg5 32. Bxg5 fxg5 33. Nxe5 Kh6 34. Nxd7 Qxd7 35. e5 Ne8 36. Rf8 Qg7 37. Rxg8 Qxg8 38. Rf1 Be7 39. Bg4 1-0

[Event "Politiken Cup 35th"]
[Site "Helsingor"]
[Date "2013.07.30"]
[Round "5"]
[White "Schmidt, Kristian H"]
[Black "Haldorsen, Benjamin"]
[Result "1-0"]
[WhiteElo "2272"]
[BlackElo "1983"]
[PlyCount "67"]
[EventDate "2013.07.27"]
[EventType "swiss"]
[EventRounds "10"]
[EventCountry "DEN"]
[SourceTitle "CBM 155 Extra"]
[Source "ChessBase"]
[SourceDate "2013.08.26"]
[SourceVersion "1"]
[SourceVersionDate "2013.08.26"]
[SourceQuality "1"]

1. e4 e5 2. Nf3 Nc6 3. Bb5 a6 4. Ba4 Nf6 5. Qe2 b5 6. Bb3 Be7 7. c3 d5 8. d3 0-0 9. 0-0 Bb7 10. Bg5 dxe4 11. dxe4 Nd7 12. Be3 Bf6 13. Nbd2 Qe7 14. Rfe1 Rfd8 15. Nf1 Na5 16. Bc2 Nc4 17. Bc1 g6 18. a4 Nc5 19. b3 Nd6 20. Ba3 Ne6 21. Bxd6 Rxd6 22. axb5 Nf4 23. Qc4 Qd7 24. bxa6 Raxa6 25. Rad1 Ra2 26. Rxd6 cxd6 27. Ne3 Ba6 28. Qb4 Kg7 29. c4 Bc8 30. Qc3 h5 31. Kf1 Bd8 32. Bb1 Ra6 33. Rd1 Bb6 34. Nxe5 1-0